Movies Quiz

Random Movies or Star Wars Quiz

'Star Wars: Episode VI' Start to Finish Quiz Stats

 Plays Quiz Updated Nov 14, 2017

Challenge
Share
Tweet
Embed
Score 0/10 Timer 04:00
26 Plays Today
% Correct
???
100%
???
88.9%
???
80.3%
???
72.2%
???
63.7%
???
56.5%
???
46.4%
???
44.9%
???
42.2%
???
42.2%

You're not logged in!

Compare scores with friends on all Sporcle quizzes.
OR
Log In

You Might Also Like...

Show Comments

Extras

Top Quizzes Today


Score Distribution

Your Account Isn't Verified!

In order to create a playlist on Sporcle, you need to verify the email address you used during registration. Go to your Sporcle Settings to finish the process.

Report this User

Report this user for behavior that violates our Community Guidelines.

Details: